[Event "Gausdal Classic GMI"]
[Site "Gausdal"]
[Date "2004.09.30"]
[Round "8.2"]
[White "Carlsen, Magnus"]
[Black "Johannessen, Leif Erlend"]
[Result "1/2-1/2"]
[WhiteElo "2567"]
[BlackElo "2538"]
[PlyCount "79"]
[EventDate "2004.09.23"]

1. d4 d5 2. c4 c6 3. Nf3 Nf6 4. Nc3 dxc4 5. a4 Bf5 6. Ne5 Nbd7 7. Nxc4 Qc7 8.
g3 e5 9. dxe5 Nxe5 10. Bf4 Nfd7 11. Bg2 g5 12. Ne3 gxf4 13. Nxf5 O-O-O 14. Qc2
Nc5 15. O-O Ne6 16. Qe4 fxg3 17. hxg3 a5 18. Rfc1 Nc5 19. Qh4 Ng6 20. Qh5 Kb8
21. Rd1 Rxd1+ 22. Rxd1 Ne6 23. Ne4 Bb4 24. e3 Ka7 25. Nd4 Rd8 26. Qxh7 Nxd4 27.
exd4 Nf8 28. Qh5 Ne6 29. d5 Rxd5 30. Rxd5 cxd5 31. Qxd5 Qc1+ 32. Kh2 Qxb2 33.
Bh3 Qc2 34. Bxe6 fxe6 35. Qd4+ Ka8 36. Qd8+ Ka7 37. Qd4+ Ka8 38. Qd8+ Ka7 39.
Qd4+ Ka8 40. g4 1/2-1/2

[Event "It (open)"]
[Site "Bad Wiessee GER"]
[Date "2000.??.??"]
[Round "3"]
[White "Kaiser Guenter"]
[Black "Carlsen, Magnus"]
[Result "0-1"]
[WhiteElo "2100"]
[BlackElo "2072"]
[PlyCount "72"]
[EventDate "2000.??.??"]
[Source "www.ChessliB.no"]
[SourceDate "2003.05.10"]
[WhiteTeamCountry "GER"]
[BlackTeamCountry "GER"]

1. d4 Nf6 2. Nf3 d6 3. Nc3 g6 4. e4 Bg7 5. Be2 O-O 6. O-O e5 7. Be3 h6 8. Qd2
Ng4 9. d5 f5 10. exf5 gxf5 11. h3 Nxe3 12. Qxe3 e4 13. Nd4 Qe7 14. Rad1 c5 15.
dxc6 bxc6 16. Bc4+ Kh7 17. Nce2 d5 18. Bb3 c5 19. Nb5 d4 20. Qd2 Bb7 21. Nf4 a6
22. Nd5 Qe5 23. Nbc7 Ra7 24. Qa5 Nd7 25. g3 Rc8 26. Nb5 Raa8 27. Nbc7 Bxd5 28.
Nxa8 Rxa8 29. Ba4 Be6 30. Kh2 f4 31. Qe1 Nf6 32. Bc6 Rc8 33. Bb7 Rc7 34. Ba8
Bd5 35. Bxd5 Nxd5 36. Qe2 fxg3+ 0-1

[Event "Ernst Rojahns Minneturnering"]
[Site "Tønsberg"]
[Date "2001.04.29"]
[Round "5"]
[White "Haug, Rolf"]
[Black "Carlsen, Magnus"]
[Result "1/2-1/2"]
[WhiteElo "1276"]
[BlackElo "1716"]
[PlyCount "47"]
[EventDate "2001.??.??"]
[WhiteTeamCountry "GER"]
[BlackTeamCountry "GER"]

1. Nf3 f5 2. g3 Nf6 3. Bg2 g6 4. d4 Bg7 5. c4 O-O 6. d5 e6 7. dxe6 dxe6 8. O-O
Qe7 9. Nc3 c6 10. Qc2 e5 11. e4 fxe4 12. Nxe4 Nxe4 13. Qxe4 Bf5 14. Qe2 Nd7 15.
Nh4 Rad8 16. Nxf5 gxf5 17. b3 e4 18. Bb2 Ne5 19. Bxe5 Qxe5 20. Rad1 Rfe8 21.
Rxd8 Rxd8 22. Rd1 Rd4 23. Rxd4 Qxd4 24. Bf1 1/2-1/2

[Event "Gutter Danmark - Norge"]
[Site "?"]
[Date "2001.10.05"]
[Round "1.7"]
[White "Palo, Davor"]
[Black "Carlsen, Magnus"]
[Result "1-0"]
[WhiteElo "2325"]
[BlackElo "2084"]
[PlyCount "67"]
[EventDate "2001.??.??"]
[WhiteTeamCountry "GER"]
[BlackTeamCountry "GER"]

1. d4 Nf6 2. c4 e6 3. Nf3 b6 4. g3 Bb7 5. Bg2 Bb4+ 6. Nbd2 O-O 7. O-O Be7 8.
Qc2 c5 9. e4 d5 10. dxc5 dxe4 11. Ng5 Nc6 12. Nb3 bxc5 13. Nxe4 Nb4 14. Qe2
Bxe4 15. Bxe4 Nxe4 16. Qxe4 Qd3 17. Qxd3 Nxd3 18. Rb1 Bf6 19. Rd1 Rfd8 20. Kf1
Ne5 21. Rxd8+ Rxd8 22. Ke2 Nd3 23. Be3 Nxb2 24. Bxc5 Nxc4 25. Bxa7 Ra8 26. Nd2
Nd6 27. Rb8+ Rxb8 28. Bxb8 Nb5 29. Ne4 Nd4+ 30. Kd3 Nc6 31. Nxf6+ gxf6 32. Bd6
f5 33. Kc4 f6 34. Kc5 1-0

[Event "Gutter Sverige - Norge"]
[Site "?"]
[Date "2001.10.07"]
[Round "3.7"]
[White "Mohammadi, Amir"]
[Black "Carlsen, Magnus"]
[Result "1-0"]
[WhiteElo "2141"]
[BlackElo "2084"]
[PlyCount "119"]
[EventDate "2001.??.??"]
[WhiteTeamCountry "GER"]
[BlackTeamCountry "GER"]

1. e4 e5 2. d4 exd4 3. Qxd4 Nc6 4. Qe3 Nf6 5. e5 Nd5 6. Qe4 Nb6 7. Nc3 Bb4 8.
Bd2 Qe7 9. Nf3 d5 10. exd6 Bxd6 11. O-O-O a6 12. Bd3 Bd7 13. Rhe1 O-O-O 14. Nd5
Nxd5 15. Qxd5 Qf6 16. Ng5 Ne5 17. Ne4 Nxd3+ 18. Qxd3 Qg6 19. Nxd6+ Qxd6 20.
Qxd6 cxd6 21. Ba5 Rde8 22. Rxd6 Rxe1+ 23. Bxe1 Bc6 24. f3 Rd8 25. Rxd8+ Kxd8
26. Kd2 Bd7 27. c4 Be6 28. Kc3 Kd7 29. a3 Kc6 30. Kd4 h5 31. Bf2 f6 32. h4 Bf5
33. Ke3 Be6 34. Kd4 Bf5 35. Kc3 Be6 36. a4 Bf5 37. b4 Be6 38. b5+ axb5 39.
axb5+ Kd6 40. Kd4 Kd7 41. Kc5 Bg8 42. Bg3 Bf7 43. Kd4 Be6 44. c5 Bf7 45. Bd6
Bb3 46. Bf8 g5 47. Bg7 gxh4 48. Bxf6 Bd1 49. Bxh4 Be2 50. b6 Bf1 51. g3 Bg2 52.
Ke3 Bf1 53. Kf4 Be2 54. Bf6 Bb5 55. Kg5 Ke6 56. f4 Be8 57. f5+ Kf7 58. Bd4 Ke7
59. Be5 Kd7 60. Kf6 1-0

[Event "NTG GP (A)"]
[Site "Norges Toppidrettsgymnas"]
[Date "2001.01.27"]
[Round "2"]
[White "Carlsen, Magnus"]
[Black "Benn, Neil"]
[Result "1-0"]
[WhiteElo "1716"]
[BlackElo "1574"]
[PlyCount "75"]
[EventDate "2001.01.??"]
[WhiteTeamCountry "GER"]
[BlackTeamCountry "GER"]

1. e4 c5 2. Nf3 a6 3. c4 e6 4. d4 cxd4 5. Nxd4 Nf6 6. Nc3 Bb4 7. e5 Ne4 8. Qf3
Qa5 9. Nde2 Qxe5 10. Bf4 Qf5 11. Nd4 Qa5 12. Rc1 Bxc3+ 13. bxc3 d5 14. Bd3 O-O
15. Bxe4 dxe4 16. Qg3 Nd7 17. O-O Kh8 18. Bd6 Re8 19. f3 e3 20. Qf4 f6 21. Qxe3
Nb6 22. Nb3 Nxc4 23. Qe2 Qb5 24. Bg3 e5 25. Bf2 Bf5 26. Rfd1 Rad8 27. Nc5 b6
28. a4 Qb2 29. Qxc4 bxc5 30. Qxc5 Rd2 31. Qb6 Qxc3 32. Rxc3 Rxd1+ 33. Be1 Rxe1+
34. Kf2 Rb1 35. Qc6 Reb8 36. g4 R1b2+ 37. Kg3 Bg6 38. Qc8+ 1-0

[Event "NM Kristiansund Junior"]
[Site "?"]
[Date "2001.07.11"]
[Round "6"]
[White "Carlsen, Magnus (NTG)"]
[Black "Ingvaldsen, Jonas A."]
[Result "1/2-1/2"]
[WhiteElo "1907"]
[BlackElo "1712"]
[PlyCount "23"]
[WhiteTeamCountry "GER"]
[BlackTeamCountry "GER"]

1. Nf3 h6 2. b3 d5 3. Bb2 Bf5 4. g3 e6 5. Bg2 Nf6 6. O-O Nbd7 7. c4 c6 8. d3
Be7 9. Nbd2 O-O 10. Qc2 Bh7 11. Rac1 Rc8 12. Ne5 1/2-1/2

[Event "Ernst Rojahns Minneturnering"]
[Site "?"]
[Date "2001.04.28"]
[Round "2"]
[White "Kristoffer Haugan, Tønsberg"]
[Black "Carlsen, Magnus"]
[Result "0-1"]
[WhiteElo "1316"]
[BlackElo "1716"]
[PlyCount "108"]
[EventDate "2001.04.30"]
[WhiteTeamCountry "GER"]
[BlackTeamCountry "GER"]

1. c4 Nf6 2. Nc3 c5 3. Nf3 Nc6 4. g3 d5 5. cxd5 Nxd5 6. Bg2 Nc7 7. O-O e5 8. d3
Be7 9. Bd2 O-O 10. Qc1 Ne6 11. Ne4 Bd7 12. Bc3 f5 13. Ned2 Ned4 14. Nxd4 exd4
15. Bd5+ Kh8 16. e4 dxc3 17. bxc3 fxe4 18. Bxe4 Bf5 19. f4 Qd7 20. Re1 Rad8 21.
Nf3 Bf6 22. Rb1 b6 23. Qc2 Bxe4 24. dxe4 Qd3 25. Qxd3 Rxd3 26. e5 Rxf3 27. exf6
gxf6 28. Re6 Na5 29. Rbe1 Rxc3 30. Re7 Rc8 31. Rd7 Nc6 32. Re6 Kg8 33. Kg2 Rd8
34. Rxd8+ Nxd8 35. Re8+ Kf7 36. Rxd8 Rc2+ 37. Kh3 Rxa2 38. Rd7+ Kg6 39. g4 c4
40. Rd6 h6 41. Kg3 c3 42. Rc6 c2 43. Rc7 h5 44. f5+ Kh6 45. Rc6 hxg4 46. Kxg4
b5 47. Rxf6+ Kg7 48. Rc6 Ra4+ 49. Kg5 Rc4 50. Rg6+ Kf7 51. Rf6+ Ke7 52. Re6+
Kd7 53. Kf6 c1=Q 54. Kf7 Qg5 0-1

[Event "Ernst Rojahns Minneturnering"]
[Site "?"]
[Date "2001.04.28"]
[Round "3"]
[White "Carlsen, Magnus"]
[Black "Skogli, Pål"]
[Result "1-0"]
[WhiteElo "1716"]
[BlackElo "1465"]
[PlyCount "71"]
[EventDate "2001.04.30"]
[WhiteTeamCountry "GER"]
[BlackTeamCountry "GER"]

1. Nf3 Nf6 2. c4 e6 3. d4 d5 4. Bg5 Be7 5. Nc3 Nc6 6. e3 O-O 7. cxd5 exd5 8.
Bd3 Bg4 9. O-O Qd7 10. Bb5 Rfe8 11. h3 Bh5 12. Rc1 a6 13. Bxc6 Qxc6 14. Ne5
Qxc3 15. bxc3 Bxd1 16. Rfxd1 Ba3 17. Rc2 Ne4 18. Bf4 Rad8 19. Nd3 Bd6 20. c4
Nf6 21. Bxd6 Rxd6 22. c5 Rdd8 23. Rb1 Rb8 24. Rcb2 b5 25. cxb6 cxb6 26. Rxb6
Ra8 27. Nc5 a5 28. R1b5 Kf8 29. Ra6 Rab8 30. Raxa5 Rxb5 31. Rxb5 Ra8 32. a4 Ne4
33. Nxe4 dxe4 34. a5 Ke7 35. Kh2 Kd6 36. Kg3 1-0

[Event "Ernst Rojahns Minneturnering"]
[Site "?"]
[Date "2001.04.29"]
[Round "4"]
[White "Narvøy, Tore"]
[Black "Carlsen, Magnus"]
[Result "0-1"]
[WhiteElo "1477"]
[BlackElo "1716"]
[PlyCount "58"]
[EventDate "2001.04.30"]
[WhiteTeamCountry "GER"]
[BlackTeamCountry "GER"]

1. d4 d5 2. c4 e6 3. Nc3 c6 4. Nf3 dxc4 5. a4 Bb4 6. Bd2 Nf6 7. e3 Bxc3 8. Bxc3
b5 9. axb5 cxb5 10. b3 O-O 11. bxc4 bxc4 12. Bxc4 Qc7 13. Qe2 Ba6 14. Ra4 Qc6
15. Qa2 Rc8 16. Ne5 Qxg2 17. Rf1 Bxc4 18. Rxc4 Nbd7 19. Rxc8+ Rxc8 20. Qa5 h6
21. Bb2 Nxe5 22. dxe5 Nd5 23. Qxa7 Rc2 24. Qb8+ Kh7 25. Qb3 Qe4 26. Kd1 Rc6 27.
Ba3 Rc3 28. Qb2 Qd3+ 29. Ke1 Rc2 0-1

[Event "Salongernas Eloturnering 2003"]
[Site "?"]
[Date "????.??.??"]
[Round "4"]
[White "Carlsen, Magnus"]
[Black "Poley, Vladimir"]
[Result "1-0"]
[WhiteElo "2356"]
[BlackElo "2358"]
[PlyCount "145"]
[EventDate "2003.06.07"]
[WhiteTeamCountry "GER"]
[BlackTeamCountry "GER"]

1. d4 g6 2. c4 Bg7 3. Nc3 d6 4. e4 e5 5. Nge2 Nc6 6. d5 Nce7 7. Ng3 h5 8. h4
Nf6 9. Be2 Nd7 10. Be3 a5 11. a3 Nc5 12. b4 axb4 13. axb4 Rxa1 14. Qxa1 Na6 15.
c5 O-O 16. c6 Nxb4 17. Qb1 Nbxc6 18. dxc6 Nxc6 19. Nd5 Nd4 20. Bg5 f6 21. Be3
c6 22. Bxd4 exd4 23. Nf4 Qa5+ 24. Kf1 Kh7 25. Bd3 Qe5 26. Nfe2 Bh6 27. Kg1 c5
28. Kh2 d5 29. exd5 f5 30. Qb6 Qxd5 31. Qc7+ Bd7 32. Nf4 Qf7 33. Re1 Rc8 34.
Qd6 Bf8 35. Qb6 c4 36. Nh3 Qg7 37. Ng5+ Kh8 38. Bb1 d3 39. Qxb7 d2 40. Rd1 c3
41. Bc2 Rc4 42. Nf3 Ba4 43. Qxg7+ Kxg7 44. Bxa4 Rxa4 45. Ne2 Bb4 46. Ned4 Ra2
47. Kg1 c2 48. Nxc2 Rxc2 49. Kf1 Kf6 50. Ke2 f4 51. Nxd2 Kf5 52. f3 g5 53. Kd3
Rc3+ 54. Ke2 Re3+ 55. Kf2 g4 56. Ne4 Rb3 57. Rd5+ Ke6 58. Rxh5 Rb2+ 59. Kf1
Rb1+ 60. Ke2 g3 61. Rb5 Re1+ 62. Kd3 Be7 63. h5 Rg1 64. Rb2 Rh1 65. h6 Rh2 66.
Ra2 Kf5 67. Kd4 Bd8 68. Ra8 Bb6+ 69. Kd5 Rh5 70. Rg8 Bc7 71. h7 Be5 72. Rg5+
Rxg5 73. Nxg5 1-0

[Event "Salongernas IM-turnering 2003"]
[Site "?"]
[Date "????.??.??"]
[Round "1"]
[White "Carlsen, Magnus"]
[Black "Fries-Nielsen, Jens Ove"]
[Result "1-0"]
[WhiteElo "2356"]
[BlackElo "2448"]
[PlyCount "83"]
[EventDate "2003.06.07"]
[WhiteTeamCountry "GER"]
[BlackTeamCountry "GER"]

1. Nf3 Nf6 2. c4 e6 3. Nc3 d5 4. d4 Be7 5. Bf4 O-O 6. e3 b6 7. cxd5 exd5 8. Bd3
Bb7 9. O-O c5 10. Ne5 Nc6 11. dxc5 Nxe5 12. Bxe5 bxc5 13. Qb3 Qb6 14. Rfd1 c4
15. Qxb6 axb6 16. Be2 Ra5 17. Rab1 Bc6 18. Bf3 h6 19. a3 Rc8 20. Kf1 Ne4 21.
Bg4 Re8 22. Nxe4 dxe4 23. Bc3 Ra7 24. Rd2 b5 25. Rbd1 Rb7 26. Bd7 Bxd7 27. Rxd7
Rb6 28. Bd4 Rbb8 29. Ba7 Rbc8 30. Bd4 b4 31. axb4 Bxb4 32. Rc1 Re6 33. Rb7 Bf8
34. b4 Ra6 35. b5 Ra3 36. b6 c3 37. Rc7 Rb8 38. R7xc3 Raa8 39. Rb1 Rb7 40. Rc7
Rab8 41. Rxb7 Rxb7 42. Ra1 1-0

[Event "Salongernas IM-turnering 2003"]
[Site "?"]
[Date "????.??.??"]
[Round "2"]
[White "Hjelm, Niclas"]
[Black "Carlsen, Magnus"]
[Result "1/2-1/2"]
[WhiteElo "2323"]
[BlackElo "2356"]
[PlyCount "35"]
[EventDate "2003.06.07"]
[WhiteTeamCountry "GER"]
[BlackTeamCountry "GER"]

1. d4 d5 2. c4 e6 3. Nc3 Nf6 4. Bg5 Be7 5. Nf3 h6 6. Bh4 O-O 7. e3 Ne4 8. Bxe7
Qxe7 9. Qc2 Nxc3 10. Qxc3 c6 11. Bd3 Nd7 12. O-O dxc4 13. Bxc4 b6 14. Rfd1 Bb7
15. Be2 Rfd8 16. Rac1 c5 17. Qa3 a5 18. dxc5 1/2-1/2

[Event "Salongernas IM-turnering 2003"]
[Site "?"]
[Date "????.??.??"]
[Round "3"]
[White "Carlsen, Magnus"]
[Black "Olsson, Anders"]
[Result "0-1"]
[WhiteElo "2356"]
[BlackElo "2383"]
[PlyCount "70"]
[EventDate "2003.06.07"]
[WhiteTeamCountry "GER"]
[BlackTeamCountry "GER"]

1. e4 e6 2. d4 d5 3. Nc3 Bb4 4. e5 c5 5. a3 Bxc3+ 6. bxc3 Qc7 7. Qg4 f5 8. Qh5+
g6 9. Qd1 Bd7 10. Nf3 Ba4 11. dxc5 Nd7 12. Be3 Nxc5 13. Rb1 Ne4 14. Qd4 Bd7 15.
Qb4 b6 16. c4 Ne7 17. Be2 Rc8 18. O-O dxc4 19. Bh6 Nd5 20. Qb2 Qc5 21. Rbe1
Ndc3 22. Qc1 Bb5 23. Be3 Qd5 24. Nd4 Ba6 25. f3 Nc5 26. Bf2 O-O 27. Qe3 N5a4
28. Bh4 f4 29. Qf2 Rc7 30. Bf6 Rd7 31. Rd1 Nxd1 32. Rxd1 Nc3 33. Rd2 Nxe2+ 34.
Qxe2 Rxf6 35. exf6 c3 0-1

[Event "Salongernas IM-turnering 2003"]
[Site "?"]
[Date "????.??.??"]
[Round "5"]
[White "Hermansson, Emil"]
[Black "Carlsen, Magnus"]
[Result "1/2-1/2"]
[WhiteElo "2379"]
[BlackElo "2356"]
[PlyCount "37"]
[EventDate "2003.06.07"]
[WhiteTeamCountry "GER"]
[BlackTeamCountry "GER"]

1. e4 c5 2. Nf3 Nc6 3. d4 cxd4 4. Nxd4 Nf6 5. Nc3 e5 6. Ndb5 d6 7. Bg5 a6 8.
Na3 b5 9. Bxf6 gxf6 10. Nd5 f5 11. c3 Bg7 12. exf5 Bxf5 13. Nc2 Be6 14. g3 O-O
15. Bg2 a5 16. O-O Rb8 17. Qe2 Qd7 18. Rfd1 f5 19. Rd2 1/2-1/2

[Event "Salongernas IM-turnering 2003"]
[Site "?"]
[Date "????.??.??"]
[Round "6"]
[White "Carlsen, Magnus"]
[Black "von Bahr, Oskar"]
[Result "*"]
[WhiteElo "2356"]
[BlackElo "2377"]
[PlyCount "81"]
[EventDate "2003.06.07"]
[WhiteTeamCountry "GER"]
[BlackTeamCountry "GER"]

1. e4 c5 2. Nf3 d6 3. d4 cxd4 4. Qxd4 Bd7 5. Bg5 Nc6 6. Qd2 h6 7. Be3 Nf6 8.
Nc3 e6 9. O-O-O a6 10. h3 b5 11. Bd3 Be7 12. g4 Qa5 13. Kb1 b4 14. Ne2 e5 15.
g5 hxg5 16. Nxg5 Nd8 17. Ng3 g6 18. h4 Ne6 19. Bc4 Rc8 20. Bb3 Ng4 21. Nxe6
Bxe6 22. Bxe6 fxe6 23. Bg5 Qc5 24. Bxe7 Kxe7 25. Qg5+ Nf6 26. h5 a5 27. Rd2 a4
28. hxg6 Rxh1+ 29. Nxh1 b3 30. a3 bxc2+ 31. Kc1 Qc4 32. Ng3 Qa2 33. Rxc2 Rxc2+
34. Kxc2 Qc4+ 35. Kd2 Qd4+ 36. Ke2 Qxb2+ 37. Kf1 d5 38. exd5 exd5 39. Nh5 Qb1+
40. Kg2 Qe4+ 41. Kg3 *

[Event "Salongernas IM-turnering 2003"]
[Site "?"]
[Date "????.??.??"]
[Round "7"]
[White "Eriksson, Jonas"]
[Black "Carlsen, Magnus"]
[Result "1/2-1/2"]
[WhiteElo "2288"]
[BlackElo "2356"]
[PlyCount "140"]
[EventDate "2003.06.07"]
[WhiteTeamCountry "GER"]
[BlackTeamCountry "GER"]

1. e4 c5 2. Nf3 Nc6 3. Bb5 g6 4. Bxc6 dxc6 5. d3 Bg7 6. h3 Nf6 7. Nc3 Nd7 8.
O-O e5 9. Be3 Qe7 10. a3 Nf8 11. Na4 Ne6 12. b4 b6 13. bxc5 b5 14. Nb2 Nxc5 15.
Qd2 Ne6 16. a4 a6 17. axb5 cxb5 18. c4 Bd7 19. cxb5 Bxb5 20. Nc4 O-O 21. Nb6
Rad8 22. Nd5 Qb7 23. Bh6 Bxh6 24. Qxh6 f6 25. Rfd1 Rxd5 26. exd5 Qxd5 27. Qe3
Rd8 28. Qb6 Kg7 29. Rac1 g5 30. Rd2 Rd7 31. Qb8 Bc6 32. Qb6 Bb7 33. Rb2 Kg6 34.
Ne1 Nf4 35. Kh2 Nxd3 36. Rd1 e4 37. Nxd3 exd3 38. f3 Qe5+ 39. Kg1 d2 40. Rbxd2
Rxd2 41. Rxd2 Qe1+ 42. Kh2 Qxd2 43. Qxb7 Qd6+ 44. Kh1 a5 45. Qe4+ Kg7 46. Qb7+
Kh6 47. Qb3 Qd4 48. Qa3 Qb4 49. Qa1 Kg6 50. Qa2 a4 51. Qg8+ Kh6 52. Qd8 Qe1+
53. Kh2 Qe6 54. Qf8+ Kg6 55. Qd8 Kg7 56. Qc7+ Kh6 57. Qd8 Kg7 58. Qc7+ Qf7 59.
Qc5 Qe8 60. Qc7+ Kh6 61. f4 Kg6 62. Qc2+ f5 63. g4 Qe4 64. gxf5+ Kxf5 65. Qc5+
Kxf4 66. Qf2+ Ke5 67. Qc5+ Kf6 68. Qf8+ Kg6 69. Qg8+ Kh6 70. Qf8+ Kg6 1/2-1/2

[Event "Salongernas IM-turnering 2003"]
[Site "?"]
[Date "????.??.??"]
[Round "8"]
[White "Carlsen, Magnus"]
[Black "Rylander, Dennis"]
[Result "1-0"]
[WhiteElo "2356"]
[BlackElo "2348"]
[PlyCount "65"]
[EventDate "2003.06.07"]
[WhiteTeamCountry "GER"]
[BlackTeamCountry "GER"]

1. d4 f5 2. g3 Nf6 3. Bg2 g6 4. Nf3 Bg7 5. O-O O-O 6. c4 d6 7. Nc3 Nc6 8. d5
Ne5 9. Nxe5 dxe5 10. e4 f4 11. gxf4 exf4 12. e5 Ng4 13. e6 Ne5 14. c5 f3 15.
Bh3 g5 16. Kh1 g4 17. Qd4 gxh3 18. Bh6 Bxh6 19. Qxe5 Rf6 20. Rg1+ Rg6 21. Qh5
Kg7 22. Rxg6+ hxg6 23. Rg1 Qe8 24. Ne4 c6 25. Qe5+ Kg8 26. Ng5 Bxg5 27. Qxg5
Kg7 28. Rg4 Bxe6 29. Qe5+ Kg8 30. Rh4 Bxd5 31. Rh8+ Kf7 32. Rh7+ Kf8 33. Qg7#
1-0